书目信息 |
| 题名: |
“五立”雁文化育人模式下的班级建设新探
|
|
| 作者: | 刘窗洲 著 | |
| 分册: | ||
| 出版信息: | 长春 东北师范大学出版社 2019 |
|
| 页数: | 224页 | |
| 开本: | 24cm | |
| 丛书名: | 名师名校名校长书系 | |
| 单 册: | ||
| 中图分类: | G632.421 , G632.4 | |
| 科图分类: | ||
| 主题词: | 中学--班级--学校管理--研究 | |
| 电子资源: | ||
| ISBN: | 978-7-5681-5838-1 | |
| 000 | 00903nam0 2200253 450 | |
| 001 | 2374598274 | |
| 005 | 20231209235854.95 | |
| 010 | @a978-7-5681-5838-1@dCNY45.00 | |
| 100 | @a20200104d2019 em y0chiy50 ea | |
| 101 | 0 | @achi |
| 102 | @aCN@b220000 | |
| 105 | @ay z 000yy | |
| 200 | 1 | @a“五立”雁文化育人模式下的班级建设新探@A“ wu li ” yan wen hua yu ren mo shi xia de ban ji jian she xin tan@f刘窗洲著 |
| 210 | @a长春@c东北师范大学出版社@d2019 | |
| 215 | @a224页@d24cm | |
| 225 | 1 | @a名师名校名校长书系 |
| 330 | @a本书共分五章,分别为班级建设与班级管理、雁阵效应的班级建设启示、“五立”雁文化的育人模式构建、“五立”雁文化育人模式下的班级建设新探等。 | |
| 410 | 0 | @12001 @a名师名校名校长书系 |
| 606 | 0 | @a中学@x班级@x学校管理@x研究 |
| 690 | @aG632.421@v5 | |
| 690 | @aG632.4@v4 | |
| 701 | 0 | @a刘窗洲@Aliu chuang zhou@4著 |
| 801 | 0 | @aCN@b91MARC@c20200530 |
| 905 | @aZUCC@dG632.4@e6 | |
| “五立”雁文化育人模式下的班级建设新探/刘窗洲著.-长春:东北师范大学出版社,2019 |
| 224页;24cm.-(名师名校名校长书系) |
| ISBN 978-7-5681-5838-1:CNY45.00 |
| 本书共分五章,分别为班级建设与班级管理、雁阵效应的班级建设启示、“五立”雁文化的育人模式构建、“五立”雁文化育人模式下的班级建设新探等。 |
| ● |
| 相关链接 |
|
|
|
正题名:"五立"雁文化育人模式下的班级建设新探
索取号:G632.4/6
 
预约/预借
| 序号 | 登录号 | 条形码 | 馆藏地/架位号 | 状态 | 备注 |
| 1 | 2001033585 | 2001033585 | 第四书库/四007架B面3层3列/ [索取号:G632.4/6] | 在馆 | |
| 2 | 2001033586 | 2001033586 | 第四书库/四007架B面3层3列/ [索取号:G632.4/6] | 在馆 | |
| 3 | 2001033587 | 2001033587 | 第四书库/四007架B面3层3列/ [索取号:G632.4/6] | 在馆 | |
| 4 | 2001033588 | 2001033588 | 第四书库/四007架B面3层3列/ [索取号:G632.4/6] | 在馆 | |
| 5 | 2001033589 | 2001033589 | 第四书库/四007架B面3层3列/ [索取号:G632.4/6] | 在馆 | |
| 6 | 2001033590 | 2001033590 | 第四书库/四007架B面3层3列/ [索取号:G632.4/6] | 在馆 |